| 000 | 00773cam a2200193 4500 | ||
|---|---|---|---|
| 001 | X127000 | ||
| 008 | 040803n1976 000 0 eng u | ||
| 035 | _a(Sirsi) u127000 | ||
| 245 | 4 | _aThe reconstruction and refurbishment of Headquarters | |
| 260 | _c1976 | ||
| 490 |
_aChartered Surveyor _vApril 1976, 207-211(5) |
||
| 520 | _aDescribes plans for the partial reconstruction and extension of 11 and the refurbishment of 12 Great George Street in 1976. Explains the background to the remodelling and rebuilding program, with details of the project team and and approximate estimate of costs. Diagrams. | ||
| 590 | _aGGS | ||
| 650 | _a11 GREAT GEORGE STREET | ||
| 650 | _a12 GREAT GEORGE STREET | ||
| 650 | _aROLFE JUDD GROUP | ||
| 690 | _aRICS NEWS | ||
| 942 | _n0 | ||
| 999 |
_c74487 _d74487 |
||